Essential english dictionary from KBSM

Bibliographic Details
Other Authors: Grisewood, John
Format: Book
Published: Kuala Lumpur : Utusan Publications & Distrubutors Sdn.Bhd. , 1993
Subjects:

MARC

LEADER 00000cam a2200000 7i4500
001 0000004814
002 000005189
005 20000330.0
020 |a 9676103314 
090 0 0 |a 420.3   |b ESS 
245 0 0 |a Essential english dictionary from KBSM 
260 |a Kuala Lumpur :   |b Utusan Publications & Distrubutors Sdn.Bhd. ,   |c 1993 
300 |a 255p. ;   |c 18cm. 
650 0 0 |a English   |x Dictionary 
700 1 |a Grisewood, John 
999 |a 037536   |b BUKU   |c RUJUKAN   |e PERPUSTAKAAN KOMUNITI PETALING JAYA 
999 |a 037537   |b BUKU   |c PINJAMAN   |e PERPUSTAKAAN KOMUNITI PETALING JAYA